000 00315nam a22001337a 4500
008 170526b xxu||||| |||| 00| 0 eng d
020 _a9780471274711
041 _aeng
080 _25TH
_a621
100 _a25
101 _aIM
245 _aFUNDAMENTALS OF ENGINEERING THERMODYNAMICS
_cMORAN,M.J
942 _2udc
_cBK
999 _c14319
_d14319